Word Ladder: Okay Fred! Quiz Stats

 Plays Quiz Updated Jun 16, 2018

Challenge
Share
Tweet
Embed
Score 0/28 Timer 05:00
2 Plays Today
Hint 6-Letter Word % Correct
______ & NobleBARNES
95%
Prison overseerWARDEN
91.1%
Pancake mixBATTER
89.9%
Topping for pancakesBUTTER
89.7%
Alfred, to Bruce WayneBUTLER
88.9%
InfertileBARREN
87.8%
Not formerLATTER
86.7%
Tougher, like a testHARDER
86.7%
James of the Houston RocketsHARDEN
85.1%
Network of rabbit burrowsWARREN
84.6%
Neil's HIMYM characterBARNEY
84.4%
Ballet supportsBARRES
83.7%
Brass player who sounds military callsBUGLER
81.5%
Food cupboardLARDER
79.1%
Hint 6-Letter Word % Correct
Rinse with mouthwashGARGLE
78.7%
Actress AliLARTER
76.4%
Make a bubbling soundGURGLE
75.5%
A UK expression of anger or annoyanceBUGGER
73.9%
RobBURGLE
73.6%
Make a betGAMBLE
71.7%
Carry out a task clumsilyBUNGLE
70.8%
Slur wordsGARBLE
69.7%
Street fight between gangsRUMBLE
69.6%
Meander, especially verballyRAMBLE
68.6%
IrritatedBUGGED
68%
______ jumpBUNGEE
67.1%
Rock fragmentsRUBBLE
63.3%
Stopped with a corkBUNGED
63%

Today's Daily Dose

You're not logged in!

Compare scores with friends on all Sporcle quizzes.
Join for Free
OR
Log In

You Might Also Like...

Show Comments

Extras

Top Quizzes Today


Score Distribution

Your Account Isn't Verified!

In order to create a playlist on Sporcle, you need to verify the email address you used during registration. Go to your Sporcle Settings to finish the process.

Report this User

Report this user for behavior that violates our Community Guidelines.

Details: